000 00801aam a2200301 i 4500
001 768714001
003 CO-MdFUSB
005 20250519123132.0
007 ta
008 250519t1982 -us |||| |||| 00| 0 eng d
020 _a0-8091-2419-X
040 _cCO-MdFUSB
041 0 _aeng
082 0 4 _223
_a248.3
_bD6351h
100 1 _aDobson, Theodore E. (Elliott)
_eautor
245 1 0 _aHow to pray for spiritual growth
_c/ Theodore E. Dobson
264 1 _bPaulist Press,
_aNew York, USA :
_c[1982]
264 4 _c©1982
300 _a216 páginas
336 _atexto
_btxt
_2rdacontent
337 _2rdamedia
_asin mediación
_bn
338 _2rdacarrier
_avolumen
_bnc
563 _aRústico
650 0 _aVida espiritual
_951
942 _cBK
945 _aJTF-925
999 _c35672
_d35672